000 00996nam a2200337Ia 4500
001 Para_9800
003 CHAP
008 220125s2007 xx 000 0 und d
010 _a208447
020 _a978-1-4020-6058-8
040 _cCHAP
082 _aPA 632.9 A74
245 _aArea-wide control of insect pests :
_b From research to field implementation /
_c M.J.B. Vreysen, A.S. Robinson, J. Hendrichs
260 _aDordrecht, Netherlands :
_b Springer
300 _axv, 789 p.
500 _aIncluye referencias bibliográficas e índices
650 _a
650 _a
650 _aControl de insectos
_927592
650 _aControl integrado de plagas
_9174872
700 _aHendrichs, J
_953553
700 _aRobinson, A. S.
_9174873
700 _aVreysen, M. J. B.
_9174874
901 _aPA 632.9 A74
902 _aM
905 _a5232202007 an 8000000300 00
910 _a2007
942 _cPARA
942 _cPARA
_d1
999 _c208447
_d208447